| 000 | 00886cam a22002178i 4500 | ||
|---|---|---|---|
| 999 |
_c57884 _d57884 |
||
| 001 | 20858620 | ||
| 005 | 20221108133811.0 | ||
| 008 | 190219s2019 pau 000 0 eng | ||
| 020 | _a9781785923210x | ||
| 041 | _aeng | ||
| 080 | _a376.2 W-80 | ||
| 100 | 1 |
_aWood, Rebecca _910712 |
|
| 245 | 1 | 0 |
_aInclusive education for autistic children : _bhelping children and young people to learn and flourish in the classroom / _cDr Rebecca Wood. |
| 264 | 4 |
_c2019. _aPhiladelphia : _bJessica Kingsley Publishers, |
|
| 300 |
_a208 pages : _b23 cm. |
||
| 653 | _aინკლუზიური განათლება აუტისტი ბავშვებისათვის | ||
| 653 | _aპედაგოგიკა | ||
| 653 | _aაუტისტი ბავშვები | ||
| 942 |
_2udc _cBK |
||
| 955 |
_bre25 2019-02-19 _ire25 2019-02-19 (episodic telework)(create NAR) |
||